00254nam a2200097Ia 4500001000800000005001700008008004100025020001800066245005300084260001900137126865920260417145254.0260417s9999 xx 000 0 und d a9786256309616 0aSüper Matemacikcik - GagalamaçcNancy Krulik bKetebe Çocuk